a text book of hospital & clinical pharmacy 2nd edition (Record no. 41637)

000 -LEADER
fixed length control field 00329nam a2200133Ia 4500
008 - FIXED-LENGTH DATA ELEMENTS--GENERAL INFORMATION
fixed length control field 230217s9999 xx 000 0 und d
020 ## - INTERNATIONAL STANDARD BOOK NUMBER
International Standard Book Number 9789386478597
082 ## - DEWEY DECIMAL CLASSIFICATION NUMBER
Item number sid-a
100 ## - MAIN ENTRY--PERSONAL NAME
Personal name siddiqui
245 #2 - TITLE STATEMENT
Title a text book of hospital & clinical pharmacy 2nd edition
260 ## - PUBLICATION, DISTRIBUTION, ETC.
Name of publisher, distributor, etc. c.b.s. publisher
300 ## - PHYSICAL DESCRIPTION
Extent 318
942 ## - ADDED ENTRY ELEMENTS (KOHA)
Koha item type Book
Holdings
Withdrawn status Lost status Damaged status Not for loan Collection code Permanent Location Current Location Shelving location Date acquired Cost, normal purchase price Full call number Barcode Date last seen Price effective from Koha item type Total Checkouts Date last checked out
          Maharishi School of Pharmaceutical Science (Lucknow) Maharishi School of Pharmaceutical Science (Lucknow) R1S4 2023-02-17 435.00 615.5 SOPH3598 2023-02-17 2023-02-17 Reference Book    
          Maharishi School of Pharmaceutical Science (Lucknow) Maharishi School of Pharmaceutical Science (Lucknow) R12S3 2023-02-17 435.00 572 SID-A SOPH3599 2025-12-05 2023-02-17 Book 3 2025-12-05
          Maharishi School of Pharmaceutical Science (Lucknow) Maharishi School of Pharmaceutical Science (Lucknow) R12S3 2023-02-17 435.00 572 SID-A SOPH3600 2025-08-14 2023-02-17 Book 3 2025-08-05
          Maharishi School of Pharmaceutical Science (Lucknow) Maharishi School of Pharmaceutical Science (Lucknow) R12S3 2023-02-17 435.00 572 SID-A SOPH3601 2025-11-08 2023-02-17 Book 1 2025-10-24
          Maharishi School of Pharmaceutical Science (Lucknow) Maharishi School of Pharmaceutical Science (Lucknow) R12S3 2023-02-17 435.00 572 SID-A SOPH3602 2025-09-12 2023-02-17 Book 3 2025-09-12

All Rights Reserved@MUIT

Powered by Koha